ბათუმის შოთა რუსთაველის სახელმწიფო უნივერსიტეტის ბიბლიოთეკა

საშენი მასალები და ნაკეთობები (ბიბ.ჩანაწერი № 43770)

000 -LEADER
fixed length control field 00795nam a2200241Ia 4500
001 - CONTROL NUMBER
control field 10515
003 - CONTROL NUMBER IDENTIFIER
control field GE_BSU
008 - FIXED-LENGTH DATA ELEMENTS--GENERAL INFORMATION
fixed length control field 181216s||||||||xx |||||||||||||| ||und||
020 ## - INTERNATIONAL STANDARD BOOK NUMBER
International Standard Book Number 9789941148330
040 ## - CATALOGING SOURCE
Transcribing agency GE_BSU
100 ## - MAIN ENTRY--PERSONAL NAME
Personal name ნადირაძე,ანზორ
245 ## - TITLE STATEMENT
Title საშენი მასალები და ნაკეთობები
245 ## - TITLE STATEMENT
Remainder of title სახელმძღვ.
260 ## - PUBLICATION, DISTRIBUTION, ETC.
Place of publication, distribution, etc. თბილისი
260 ## - PUBLICATION, DISTRIBUTION, ETC.
Name of publisher, distributor, etc. ტექ.უნ-ტი
260 ## - PUBLICATION, DISTRIBUTION, ETC.
Date of publication, distribution, etc. 2011
300 ## - PHYSICAL DESCRIPTION
Extent 392გვ;20სმ.
300 ## - PHYSICAL DESCRIPTION
Other physical details ბიბლიოგრ:გვ.384-386
520 ## - SUMMARY, ETC.
Summary, etc. ნახ;ცხრ.
653 ## - INDEX TERM--UNCONTROLLED
Uncontrolled term საშენი მასალები და ნაკეთობები:სახელმძღვ.
942 ## - ADDED ENTRY ELEMENTS (KOHA)
Koha item type წიგნი
ეგზემპლარები
Withdrawn status Lost status Damaged status Not for loan Date acquired Barcode Date last seen Price effective from Koha item type Public note
        2018-12-17 35163 2018-12-17 2018-12-17 წიგნი 02
        2018-12-17 35162 2018-12-17 2018-12-17 წიგნი 02
        2018-12-17 35155 2018-12-17 2018-12-17 წიგნი 02
        2018-12-17 35161 2018-12-17 2018-12-17 წიგნი 02
        2018-12-17 35160 2018-12-17 2018-12-17 წიგნი 02
        2018-12-17 35159 2018-12-17 2018-12-17 წიგნი 02
        2018-12-17 35158 2018-12-17 2018-12-17 წიგნი 02
        2018-12-17 35157 2018-12-17 2018-12-17 წიგნი 02
        2018-12-17 35156 2018-12-17 2018-12-17 წიგნი 02
        2018-12-17 35154 2018-12-17 2018-12-17 წიგნი 01/01